Los despertares / (Record no. 186261)

MARC details
000 -LEADER
campo de control de longitud fija 00898nam a2200277 i 4500
001 - NÚMERO DE CONTROL
campo de control 186261
003 - IDENTIFICADOR DE NÚMERO DE CONTROL
campo de control SpMaBN
005 - FECHA Y HORA DE LA ÚLTIMA TRANSACCIÓN
campo de control 20250825062634.0
008 - DATOS DE LONGITUD FIJA--INFORMACIÓN GENERAL
campo de control de longitud fija 160929s2014 sp |||| | spa d
020 ## - NÚMERO INTERNACIONAL ESTÁNDAR DEL LIBRO
Número Internacional Estándar del Libro 978-84-7960-659-6
080 ## - NÚMERO DE LA CLASIFICACIÓN DECIMAL UNIVERSAL
Número de la Clasificación Decimal Universal 821.134.2-14"20"
100 1# - ENTRADA PRINCIPAL--NOMBRE DE PERSONA
Nombre de persona Casado, Marina,
Fechas asociadas al nombre 1989-
9 (RLIN) 240173
245 14 - MENCIÓN DEL TÍTULO
Título Los despertares /
Mención de responsabilidad, etc. Marina Casado.
250 ## - MENCION DE EDICION
Mención de edición 1ª ed.
260 ## - PUBLICACIÓN, DISTRIBUCIÓN, ETC.
Lugar de publicación, distribución, etc. Madrid :
Nombre del editor, distribuidor, etc. Ediciones de la Torre,
Fecha de publicación, distribución, etc. 2014.
300 ## - DESCRIPCIÓN FÍSICA
Extensión 90 p. ;
Dimensiones 21 cm.
490 1# - MENCIÓN DE SERIE
Mención de serie Nuestro mundo.
-- Lírica ;
Designación de volumen o secuencia 10
490 1# - MENCIÓN DE SERIE
Mención de serie Ediciones de la Torre ;
Designación de volumen o secuencia 594
650 #7 - PUNTO DE ACCESO ADICIONAL DE MATERIA--TÉRMINO DE MATERIA
9 (RLIN) 142901
Término de materia o nombre geográfico como elemento de entrada Poesías-
Subdivisión de forma Libros infantiles
655 #7 - TERMINO DE INDIZACIÓN--GENERO/FORMA
Datos o término principal de género/forma Libros infantiles
Fuente del término tgfbne
9 (RLIN) 226786
830 0# - PUNTO DE ACCESO ADICIONAL DE SERIE-TÍTULO UNIFORME
Título uniforme Nuestro mundo.
-- Lírica ;
Designación de volumen o secuencia 10
9 (RLIN) 225383
830 0# - PUNTO DE ACCESO ADICIONAL DE SERIE-TÍTULO UNIFORME
Título uniforme Ediciones de la Torre ;
Designación de volumen o secuencia 594
9 (RLIN) 192503
852 ## - LOCALIZACIÓN
Ubicación ES-MaACL
Número de control de estantería A-13869
itemnumber 193316
Sublocalización o colección R.151250
Ubicación en estantería Depósito 1
Signatura antigua Olim: N-6869
942 ## - ELEMENTOS DE ENTRADA SECUNDARIOS (KOHA)
Fuente del sistema de clasificación o colocación Clasificación decimal universal
Tipo de ítem Koha Libro impreso
Holdings
Estatus retirado Estado de pérdida Fuente del sistema de clasificación o colocación Estado de daño No para préstamo Biblioteca de origen Biblioteca actual Ubicación en estantería Fecha de adquisición Fuente de adquisición Total de préstamos Signatura topográfica completa Código de barras Visto por última vez Precio de reemplazo Tipo de ítem Koha
    Clasificación decimal universal     Biblioteca del Ateneo de Madrid Biblioteca del Ateneo de Madrid Depósito 1 29/09/2016 Donación   A-13869 1196393 23/02/2023 23/02/2023 Libro impreso